| Record ID | ia:nonconventionals0002inte |
| Source | Internet Archive |
| Download MARC XML | https://archive.org/download/nonconventionals0002inte/nonconventionals0002inte_marc.xml |
| Download MARC binary | https://www.archive.org/download/nonconventionals0002inte/nonconventionals0002inte_meta.mrc |
LEADER: 01346cam 2200421 a 4500
001 ocm17224818
003 OCoLC
005 20200601225054.0
008 880518s1987 stkabe 100 0 eng
040 $aUKM$beng$cUKM$dUKMGB$dOCLCF$dOCLCQ$dOCLCO$dOCLCQ
015 $aGB8751785$2bnb
016 7 $a005965923$2Uk
016 7 $a007749400$2Uk
020 $a0948749083$q(v. 1)
020 $a9780948749087$q(v. 1)
020 $a0948749091$q(v. 2)
020 $a9780948749094$q(v. 2)
020 $a0948749075$q(pbk.)
020 $a9780948749070$q(pbk.)
035 $a(OCoLC)17224818
050 14 $aTA658
080 $a624
082 04 $a624/.1771$218
082 04 $a624.1/771$219
111 2 $aInternational Conference on the Design and Construction of Non-conventional Structures$d(1987 :$cLondon, England)
245 10 $aNon-conventional structures /$cedited by B.H.V. Topping.
260 $bCivil-Comp,$c[1987]
300 $a2 volumes (iii, 357; ii, 261 pages)
336 $atext$btxt$2rdacontent
337 $aunmediated$bn$2rdamedia
338 $avolume$bnc$2rdacarrier
650 0 $aStructural design.
650 7 $aStructural design.$2fast$0(OCoLC)fst01135628
653 $aStructures$aDesign
700 1 $aTopping, B. H. V.
029 1 $aAU@$b000026019443
994 $aZ0$bP4A
948 $hNO HOLDINGS IN P4A - 28 OTHER HOLDINGS